000 01200njm a22002897a 4500
005 2010091306006.0
006 a|||||r|||||00| 0
007 sd ammalaaahaa
008 100909t xxu||||| |||| 00| 0 eng d
028 _aMOCE.4141
_bODEON
035 _aGR-02259
040 _aSED
_cSED
100 _917690
_aMangeshkar,Lata
245 _aAnnadata /
_csung by Suman Kalyanapur ; Music by Salil Chowdhury; Lyric by Yogesh
_h[Sound Recording] :
246 _aअन्नदाता /
260 _aDum Dum India
_bODEON
_c1972
300 _a1 sound disc (Gramophone Recording)
_banalog, 33 1/3 rpm
_c12.5 in. (LP)
_fGramophone Record
500 _aBrief Record
500 _aRecords Labels :ODEON,Black
505 _aSide 1 रातों के साया (Raton ke saya) (Lata Mangeshkar) Side 2 यहाँ क्या रहना (Yahan kya rahna) (Manna Dey,Sabita Chowdhury [and] Chorus) () (Suman Kalyanpur).
600 _aKalyanpur,Suman
_919807
650 _aFilm Songs
_xExcerpts
_zIndia
_917691
700 _aChowdhury,Salil
_919192
700 _aYogesh
_919775
942 _2ddc
_cGR
999 _c45409
_d45409